Estatísticas para Países que contêm uma letra - NN+

Clique aqui para jogar o quiz

Estatísticas Gerais

  • Esse quiz foi jogado 70 vezes
  • A pontuação média é 6 de 15

Estatísticas das Respostas

CategoriaPaís% Correto
2 x NNova Zelândia
65%
2 x NIndonésia
45%
3 x NSão Vicente e Granadinas
45%
2 x NArgentina
40%
2 x NFinlândia
40%
2 x NReino Unido
40%
2 x NSan Marino
38%
2 x NRepública Centro-Africana
35%
2 x NRepública Dominicana
35%
2 x NBósnia e Herzegovina
33%
2 x NMontenegro
33%
2 x NLiechtenstein
30%
2 x NPapua Nova Guiné
30%
2 x NMacedónia do Norte
28%
2 x NTanzânia
23%

Distribuição das Pontuações

Percentil de Números Respondidos

Porcentagem de Pessoas com Cada Pontuação

Sua Pontuação Histórica

Você não jogou esse quiz